000 01345nam a2200397 a 4500
001 20423
003 VRT
005 20260122130242.0
008 960531q1995 xo p 000 0 slo c
020 _a8088834112 (brož.)
035 _aUKB000184597
040 _aBAA001
_bslo
_cBAA001
_eAACR2
041 1 _aslo
_hgrc
044 _axo
_cSK
080 _a372.81(075.3)
100 0 _aAristoteles,
_d384-322 pred Kr.
243 1 0 _aGrécka filozofia
245 0 0 _aLáska k múdrosti
_b(vybrané spisy Aristotela a Platóna)
_c[prel. Miloslav Okál, Július Špaňár]
260 _aRohovce
_bInterpopulart Slovakia
_c[1995]
300 _a96 s
490 1 _aPopulart. Študentská knižnica
_v12
500 _aGrécka filozofia
504 _aBibliogr. s. 95
650 0 7 _afilozofia antická klasická
_xZŠ a SŠ
_xučebnice
653 _a372.81(075.3)
700 0 _aPlatón,
_d427-347 pred Kr.
_4aut
700 1 _aOkál, Miloslav
_4trl
700 1 _aŠpaňár, Július,
_d1917-2007
_4trl
760 1 _tPopulart. Študentská knižnica
830 0 _aPopulart. Študentská knižnica
_v12
910 _aukb
942 _2ddc
_cKLDO
_n0
949 _61800004735
_a30.D.64386
_bPV.1825-96
949 _61800004734
_aSL.D.23195
_bPV.1826-96
949 _61800006909
_a30.D.64386
_bKD.176-96
_qpokrčené strany+obliata
_rpokrčené strany+obliata
999 _c20423
_d20423